| 000 | 00961nam a2200229 a 4500 | ||
|---|---|---|---|
| 001 | 47552 | ||
| 003 | BD-RjUL | ||
| 005 | 20211209054336.0 | ||
| 008 | 160811s1998 ii a|||| |||| 00| 0 ben d | ||
| 020 | _c: IRs.125.00 | ||
| 035 | _a(BD-RjUL)47671 | ||
| 040 |
_aBD-RjUL _bben _cBD-RjUL _dBD-RjUL |
||
| 041 | _aben | ||
| 082 |
_223 _a891.4409 _bPON 1998 |
||
| 245 | 0 | 1 |
_aপঞ্চাশের দশকের কথাকার / _cউজ্জ্বলকুমার মজুমদার সম্পাদিত |
| 260 |
_aকলকাতা : _bপুস্তক বিপনি, _c১৯৯৮ |
||
| 300 |
_a২৮০ পৃ. ; _c২৪ সেমি. |
||
| 650 |
_aবাংলা সাহিত্য _vইতিহাস ও সমালোচনা _9117445 |
||
| 650 |
_aBengali literature _vHistory and Criticism _9145449 |
||
| 700 |
_aমজুমদার, উজ্জ্বলকুমার সম্পাদিত _9143993 |
||
| 942 |
_2ddc _cBK |
||
| 999 |
_c47552 _d47552 |
||